study on adoption of techniques system of rice intensification of farmer in kampot province ការសិក្សារពីការទទួលយកនៃបច្ខេកទេសប្រពន្ធ័ប្រពលវប្បកម្មដំណាំស្រូវលក្ខខណ្ឌខេត្តកំពត (Record no. 17975)

000 -LEADER
fixed length control field 00708nam a22001337a 4500
040 ## - CATALOGING SOURCE
Transcribing agency RUA
082 ## - DEWEY DECIMAL CLASSIFICATION NUMBER
Classification number AGR UY 2017 B633 Or.1
100 ## - MAIN ENTRY--AUTHOR NAME
Personal name UY SOPHEA អ៊ុយ សុភា
245 ## - TITLE STATEMENT
Title study on adoption of techniques system of rice intensification of farmer in kampot province ការសិក្សារពីការទទួលយកនៃបច្ខេកទេសប្រពន្ធ័ប្រពលវប្បកម្មដំណាំស្រូវលក្ខខណ្ឌខេត្តកំពត
260 ## - PUBLICATION, DISTRIBUTION, ETC. (IMPRINT)
Place of publication RUA
Name of publisher Phnom penh
Year of publication 2017
300 ## - PHYSICAL DESCRIPTION
Number of Pages xii;43p
Other physical details ill;
Dimensions 29cm
856 ## - ELECTRONIC LOCATION AND ACCESS
Uniform Resource Identifier https://drive.google.com/file/d/12piWWeakNaid77XBkuql8OMKX0plh1NY/view?usp=sharing
942 ## - ADDED ENTRY ELEMENTS (KOHA)
Koha item type AGR
952 ## - LOCATION AND ITEM INFORMATION (KOHA)
Withdrawn status [LOCAL, KOHA] 0
952 ## - LOCATION AND ITEM INFORMATION (KOHA)
Withdrawn status [LOCAL, KOHA] 0
952 ## - LOCATION AND ITEM INFORMATION (KOHA)
Withdrawn status [LOCAL, KOHA] 0
952 ## - LOCATION AND ITEM INFORMATION (KOHA)
Withdrawn status [LOCAL, KOHA] 0
952 ## - LOCATION AND ITEM INFORMATION (KOHA)
Withdrawn status [LOCAL, KOHA] 0
952 ## - LOCATION AND ITEM INFORMATION (KOHA)
Withdrawn status [LOCAL, KOHA] 0
Holdings
Permanent Location Date acquired Koha item type Lost status Shelving location Barcode Current Location Full call number
Library Block B2019-07-15AGR B633A44758Library Block BAGR UY 2017 B633 Or.1
Library Block B2019-07-15AGR B633A44668Library Block BAGR UY 2017 B633 Or.2
Library Block B2019-07-15AGR B633A44948Library Block BAGR UY 2017 B633 Or.3
Library Block B2019-07-15AGR B633A45023Library Block BAGR UY 2017 B633 Or.4
Library Block B2019-07-15AGR B633A45083Library Block BAGR UY 2017 B633 Or.5
Library Block B2019-07-15AGR B633A44143Library Block BAGR UY 2017 B633 Or.6
មជ្ឈមណ្ឌលឯការនៃសាកលវិទ្យាល័យភូមិន្ទកសិកម្មចំការដូង

Powered by Koha